Girondins de Bordeaux : 11 du XXème siècle - Statistiques

Statistiques générales
  • Ce quiz a été pris 128 fois
  • Le résultat moyen est 7 sur 12
Statistiques - réponses
Postes Pays Années de passage Joueurs % Correct
Milieu Offensif France 1992-1996 Zinédine Zidane
91%
Milieu de terrain France 1970-1986 Alain Giresse
86%
Défenseur Gauche France 1984-1996 Bixente Lizarazu
76%
Attaquant France 1988-1996 Christophe Dugarry
70%
Défenseur Central France 1980-1984 Marius Trésor
69%
Milieu de terrain France 1981-1989 Jean Tigana
59%
Entraîneur France 1980-1989 Aimé Jacquet
53%
Attaquant France 1997-2000 Sylvain Wiltord
48%
Défenseur Central France 1983-1987/1989-1991 Patrick Battiston
43%
Attaquant France 1979-1987 Bernard Lacombe
31%
Gardien France 1984-1989 Dominique Dropsy
30%
Défenseur Droit RFA 1977-1989 Gernot Rohr
28%
Aucun quiz correspondant
Distribution des résultats
% des personnes avec chaque résultat
Percentile par nombre de réponses
Votre historique - résultats
Vous n’avez pas pris ce quiz